|
|
|
|
| LEADER |
00000nam a22000007a 4500 |
| 005 |
20210909115844.0 |
| 007 |
cr|||| |||| |
| 008 |
210909s2021 co |||||s|||| 00||0 spa d |
| 020 |
|
|
|a 978-958-792-247-9
|
| 035 |
|
|
|a 35037
|
| 040 |
|
|
|a vLex
|
| 090 |
|
|
|c 12361
|d 12361
|
| 100 |
1 |
|
|a Aguilar Ibagu,̌ Jess︢ Ela̕s
|
| 245 |
1 |
0 |
|a Estads̕tica descriptiva
|h [Recurso electrn̤ico] :
|b Regresin̤ y probabilidad con aplicaciones /
|c Jess︢ Ela̕s Aguilar Ibagǔ
|
| 256 |
|
|
|a Servicio en ln̕ea
|
| 260 |
|
|
|a Bogot:̀
|b Ediciones de la U,
|c 2021
|
| 300 |
|
|
|a 1 recurso electrn̤ico
|
| 500 |
|
|
|a Este texto expone diferentes aspectos conceptuales de la estads̕tica descriptiva con aplicaciones, empleando algunos ejemplos de diferentes tp̤icos del conocimiento. El libro muestra lo que puede ser el contenido de la estads̕tica descriptiva de una manera elemental y sencilla, como ayuda para quienes comienzan en el conocimiento de esta disciplina, y no pretende ser un texto para personas muy instruidas en estads̕tica y duchas en matemt̀ica; al igual que una introduccin̤ sobre regresin̤-correlacin̤ y aplicaciones, probabilidad y distribuciones de probabilidad con aplicaciones, temas importantes en la formacin̤ de los diferentes profesionales.El libro se desarrolla en diez unidades y con la metodologa̕ empleada en el texto se pretende que el estudiante adquiera una percepcin̤ intuitiva y prc̀tica de su contenido con ejemplos y ejercicios de aplicacin̤ referidos al sector comercial, educativo, de la salud e industrial, etc.
|
| 506 |
1 |
|
|a Disponible solo en los productos indicados
|d vLex Global
|d vLex Global (Academic Edition, excluding Law Schools)
|d vLex Global (U.S. Academic Edition, Law Schools)
|d vLex Global (U.S. Academic Edition, excluding Law Schools)
|d vLex Global (Academic Edition, Law Schools)
|
| 650 |
0 |
4 |
|a Economa̕ y negocios
|z Colombia
|
| 740 |
0 |
|
|a vLex Libros (Servicio en ln̕ea)
|
| 856 |
4 |
0 |
|u https://app.vlex.com/#/sources/35037
|z Acceso restringido
|
| 942 |
|
|
|c BOOK
|
| 999 |
0 |
|
|a Economy and business
|